[Event "Tromsoe CC-ch"]
[Site "Tromsoe"]
[Date "2010.12.02"]
[Round "9"]
[White "Lorentsen, Geir Magne"]
[Black "Pedersen, Johnny Karl"]
[Result "1-0"]
[WhiteElo "1700"]
[BlackElo "1270"]
[PlyCount "65"]
[EventDate "2010.09.09"]
[EventType "swiss"]
[EventRounds "9"]
[EventCountry "NOR"]
[SourceTitle "EXT 2024"]
[Source "ChessBase"]
[SourceDate "2023.10.10"]
[SourceVersion "1"]
[SourceVersionDate "2023.10.10"]
[SourceQuality "1"]

1. e4 c5 2. Nf3 e6 3. d4 cxd4 4. Nxd4 Qb6 5. Nb3 Qb4+ 6. Nc3 Nc6 7. Bd2 Nf6 8. Bd3 Ne5 9. Nd5 Nxd3+ 10. cxd3 Qd6 11. Nxf6+ gxf6 12. Bc3 e5 13. 0-0 Rg8 14. Qe2 b6 15. d4 Bb7 16. Rfd1 Qe6 17. Rac1 Bh6 18. Rc2 Bf4 19. d5 Qd6 20. a3 a5 21. Kh1 Ba6 22. Qh5 Rg6 23. g3 Bh6 24. Be1 Qf8 25. Nd2 Rg5 26. Qf3 Ke7 27. d6+ Ke8 28. Qxf6 Rg6 29. Qxe5+ Re6 30. Qd5 Rb8 31. Rc6 Bb7 32. Rxb6 Rxd6 33. Qxd6 1-0

[Event "Tromsoe CC-ch"]
[Site "Tromsoe"]
[Date "2010.??.??"]
[Round "3"]
[White "Lorentsen, Geir Magne"]
[Black "Skagseth, Havard M"]
[Result "1-0"]
[WhiteElo "1700"]
[BlackElo "1469"]
[PlyCount "113"]
[EventDate "2010.09.09"]
[EventType "swiss"]
[EventRounds "9"]
[EventCountry "NOR"]
[SourceTitle "EXT 2024"]
[Source "ChessBase"]
[SourceDate "2023.10.10"]
[SourceVersion "1"]
[SourceVersionDate "2023.10.10"]
[SourceQuality "1"]

1. e4 c5 2. Nf3 d6 3. d4 cxd4 4. Nxd4 Nf6 5. Nc3 a6 6. Be2 e5 7. Nb3 b5 8. Be3 Be6 9. 0-0 Be7 10. Kh1 d5 11. exd5 Nxd5 12. Bf3 Nxe3 13. fxe3 Qxd1 14. Raxd1 Ra7 15. Bd5 Bxd5 16. Rxd5 f6 17. Rfd1 Rd7 18. Ne4 Rxd5 19. Rxd5 Kf7 20. Kg1 Rd8 21. Rxd8 Bxd8 22. Kf2 Bb6 23. Ke2 Ke6 24. Kd3 h6 25. a4 f5 26. Nc3 bxa4 27. Nxa4 Ba7 28. Nbc5+ Kd5 29. c4+ Kd6 30. b4 Nc6 31. Nxa6 e4+ 32. Kd2 Ne5 33. c5+ Kc6 34. Nc3 Nc4+ 35. Ke2 Na3 36. Kd1 Nb5 37. Kc2 g5 38. Kb3 f4 39. exf4 gxf4 40. Nxb5 Kxb5 41. Nc7+ Kc6 42. Ne6 f3 43. gxf3 Kd5 44. Nf4+ Ke5 45. Ng6+ Kf6 46. fxe4 Kxg6 47. Kc4 Kf6 48. Kd5 Ke7 49. Kc6 Bb8 50. h3 Bf4 51. Kb7 h5 52. c6 Kd8 53. b5 Bc7 54. b6 Bxb6 55. Kxb6 Kc8 56. c7 h4 57. e5 1-0